"Môi trường pháp lý" chưa đảm bảo an toàn cho doanh nghiệp /

Na minha lista:
Detalhes bibliográficos
Autor principal: Đăng Bình.
Formato: Atigo
Idioma:Vietnamese
Assuntos:
Tags: Adicionar Tag
Sem tags, seja o primeiro a adicionar uma tag!
Thư viện lưu trữ: Thư viện Trường Đại học Đà Lạt
LEADER 00751nam a2200265 4500
001 DLU090103559
005 ##20101112
040 # # |a DLU  |b vie 
041 # # |a vie 
100 # # |a Đăng Bình. 
245 # # |a "Môi trường pháp lý" chưa đảm bảo an toàn cho doanh nghiệp /  |c Đăng Bình. 
653 # # |a Doanh nghiệp 
653 # # |a Luật kinh tế 
653 # # |a Pháp lí 
773 # # |t Doanh nhân và pháp luật  |g Số 4, 2008, tr. 26-27 
920 # # |a Phòng Tạp chí -- Trung tâm Thông tin - Thư viện Trường Đại học Đà Lạt 
994 # # |a DLU 
900 # # |a True 
911 # # |a Nguyễn Thị Linh Chi 
925 # # |a G 
926 # # |a A 
927 # # |a BB 
980 # # |a Thư viện Trường Đại học Đà Lạt